Histoire de la physique et de la chimie (Record no. 155505)

MARC details
000 -LEADER
campo de control de longitud fija 00993nam a22002295i 4500
001 - NÚMERO DE CONTROL
campo de control 155505
003 - IDENTIFICADOR DE NÚMERO DE CONTROL
campo de control ES-MaACL
005 - FECHA Y HORA DE LA ÚLTIMA TRANSACCIÓN
campo de control 20250725062541.0
008 - DATOS DE LONGITUD FIJA--INFORMACIÓN GENERAL
campo de control de longitud fija 000713s1872 fr |||| | fre d
040 ## - FUENTE DE CATALOGACIÓN
Centro catalogador/agencia de origen CCPB | B
Lengua de catalogación spa
Centro/agencia transcriptor CCPB | B
100 1# - ENTRADA PRINCIPAL--NOMBRE DE PERSONA
Nombre de persona Hoefer, Ferdinand.
9 (RLIN) 63914
245 10 - MENCIÓN DEL TÍTULO
Título Histoire de la physique et de la chimie
Resto del título : depuis les temps les plus reculés jusqu'a nos jours /
Mención de responsabilidad, etc. par Ferdinand Hoefer.
260 ## - PUBLICACIÓN, DISTRIBUCIÓN, ETC.
Lugar de publicación, distribución, etc. Paris :
Nombre del editor, distribuidor, etc. Librairie Hachette et Cie.,
Fecha de publicación, distribución, etc. 1872 (
Lugar de fabricación/manufactura Coulommiers :
Fabricante Typog. A. Moussin)
300 ## - DESCRIPCIÓN FÍSICA
Extensión 561 p. ;
Dimensiones 18 cm.
490 1# - MENCIÓN DE SERIE
Mención de serie Histoire universelle publiée par une société de professeurs et de savants sous le direction de V. Duruy
650 #7 - PUNTO DE ACCESO ADICIONAL DE MATERIA--TÉRMINO DE MATERIA
Término de materia o nombre geográfico como elemento de entrada Física
Fuente del encabezamiento o término embne
9 (RLIN) 12877
650 #7 - PUNTO DE ACCESO ADICIONAL DE MATERIA--TÉRMINO DE MATERIA
Término de materia o nombre geográfico como elemento de entrada Química
Fuente del encabezamiento o término embne
9 (RLIN) 16625
752 ## - ENTRADA AGREGADA--NOMBRE JERÁRQUICO DEL LUGAR
País o entidad superior Francia -
Ciudad París
830 0# - PUNTO DE ACCESO ADICIONAL DE SERIE-TÍTULO UNIFORME
Título uniforme Histoire universelle publiée par une société de professeurs et de savants sous le direction de V. Duruy
9 (RLIN) 221565
852 ## - LOCALIZACIÓN
Ubicación ES-MaACL
Número de control de estantería F-12775
Nota libre -- Enc. hol.
Holdings
Estatus retirado Estado de pérdida Estado de daño No para préstamo Colección Biblioteca de origen Biblioteca actual Ubicación en estantería Fecha de adquisición Fuente de adquisición Total de préstamos Signatura topográfica completa Código de barras Visto por última vez Precio de reemplazo Tipo de ítem Koha
        Libros del s. XIX Biblioteca del Ateneo de Madrid Biblioteca del Ateneo de Madrid Sala Pecera Planta 2 17/01/2008     F-12775 1162662 23/02/2023 23/02/2023 Libro impreso antiguo